States that border Virginia - Statistics

General Stats
  • This quiz has been taken 67 times
  • The average score is 5 of 5
Answer Stats
Hint Answer % Correct
MD Maryland
100%
WV West Virginia
100%
KY Kentucky
98%
TN Tennessee
98%
VA Virginia
93%
No matching quizzes found
Score Distribution
Percent of People with Each Score
Percentile by Number Answered
Your Score History
You have not taken this quiz